000 00585nam a2200181Ia 4500
999 _c40727
_d40727
003 GCL
005 20240530103551.0
008 140319s9999 xx 000 0 ara d
040 _aGCL /
_cGCL
082 0 4 _a953.0738
_bا ف
100 1 _aاحمد مختار العبادى
245 1 0 _aفى التاريخ العباسى والفاطمى /
_cاحمد مختار العبادى
300 _a377
650 0 4 _aالدولة الفاطمية
650 0 4 _aمصر - تاريخ - العصر العباسى
650 0 4 _aالدولة الفاطمية (943 - 969م)
942 _2ddc
_cBK